Loading...

Proceedings of the international conference on high energy physics

Bibliographic Details
Main Author: Ajduk, Z, Ed.; Wroblewski, A K, Ed
Format: Printed Book
Published: World Scientific, Singapore 1996
Subjects:
LEADER 00555nam a2200193 4500
020
082 |a 539.72 AJD-P 
100 |a Ajduk, Z, Ed.; Wroblewski, A K, Ed. 
245 |a Proceedings of the international conference on high energy physics 
250
260 |a World Scientific, Singapore  |c 1996 
300 |a 1798 
490
500
590
650 |a Particles (Nuclear physics) 
942 |c BK 
999 |c 84016  |d 84016 
952 |0 0  |1 0  |4 0  |6 539_720000000000000_AJDP  |7 0  |9 97484  |a PHY  |b PHY  |l 0  |o 539.72 AJD-P  |p PHY05674  |r 2019-09-24  |w 2019-09-24  |y BK